000 01004nam a2200253 a 4500
001 18967
003 BD-RjUL
005 20211209000350.0
008 140222s1952 enk 00000 eng d
035 _a(BD-RjUL)19025
035 _a(BD-RjUL)
040 _aBD-RjUL
_beng
_cBD-RjUL
041 _aeng
082 _a821.4
_bMAP 1952
100 1 0 _aMarvell, Andrew,
_d1621-1678.
_958479
245 1 4 _aThe poems of Andrew Marvell ... /
_cedited with an introduction by Hugh Macdonald.
260 0 _aLondon :
_bRoutledge and Kegan Paul,
_c[1952] ;
_aFrome ;
_aLondon :
_bButler and Tanner)
300 _axxx, 206 p., 1 leaf of plate :
_b(front., port.) ;
_c18 cm.
490 0 _aThe muses' library
500 _aOn t.p. : Printed from the unique copy in the British Museum with some other poems by him.
500 _aAccompanied by a book review from the TLS and a letter from the editor to D. Nichol Smith available in the Rare Book room.
700 1 0 _aMacdonald, Hugh,
_d1885-1958.
_958480
942 _2ddc
_cBK
999 _c18967
_d18967